000 00329nam a22001457a 4500
999 _c9254
_d9254
003 OSt
008 201119b ||||| |||| 00| 0 eng d
100 _aVasisht, S. L.
245 _aOrganic Chemistry
250 _a9th ed
260 _aNew Delhi
_bR.Chand
_c2018
300 _a269
650 _aB.Sc Non Medical
942 _2ddc
_cBK